000 00358nam a22001337a 4500
082 _a297.09 JAF
100 _aJafar Muhammad Ibn-e-Jareer Tabari
245 _aTareekh e Tabari (part 7 )
260 _aKarachi
_bNabela Abrar
_c2004
300 _a224p. :
_e27 cm
650 _aIslamic fundamentalism
700 _aJafar Muhammad Ibn-e-Jareer Tabari
942 _cBK
999 _c11717
_d11717